| 000 | 01006nas a2200337 a 4500 | ||
|---|---|---|---|
| 003 | EG-GICUC | ||
| 008 | 080229c1989 au p 000 spa d | ||
| 022 | _a11307021 | ||
| 040 |
_aEG-GiCUC _bspa _cEG-GiCUC |
||
| 041 | 1 | _aSPA | |
| 043 | _af-ua--- | ||
| 082 | 0 | 4 |
_a370.1505 _bE5627 _2 21 |
| 092 | 0 | 4 |
_a371.1505 _bE5627 _221 |
| 099 |
_a04 _a371.1505 E5627 |
||
| 210 | 0 | _aEncuentro | |
| 245 | 1 | 0 |
_aEncuentro : _brevista de investigacio{u00B4}n e innovacio{u00B4}n en la clase de idiomas. |
| 246 | 0 | 0 | _aEncuentro |
| 300 |
_av : _bill; _c24cm |
||
| 310 | _aAnual | ||
| 362 | 1 | _abegan with vol.1 for1955 | |
| 440 | 0 |
_aTitle; _v Volume number |
|
| 490 | 1 |
_atitle; _v Volume number |
|
| 500 | _adescription based on :1989 | ||
| 504 | _aIncludes bibliographical references | ||
| 505 | 0 | _atitel from cover. | |
| 546 | _aspain | ||
| 650 | 0 |
_aEducation _xPhilosophy. |
|
| 905 |
_aSOZAN _eCat. |
||
| 942 |
_2ddc _cBK |
||
| 999 |
_c159606 _d159606 |
||